000 00580nam a2200217Ia 4500
003 OSt
005 20220928144822.0
006 a|||||r|||| 00| 0
007 ta
008 220927b |||||||| |||| 00| 0 eng d
024 _a76222
037 _cTextual
040 _aSDCL
_cSDCL
_beng
041 _2eng
_aeng
082 _aV677:19461'N7, L6
100 _aDawisha A I
_9509784
245 0 _aEgypt in the Arab world
_b The elements of foreign policy.
260 _c1976
942 _hV677:19461'N7, L6
_cTEXL
_2CC
999 _c829776
_d829776